000 00357 a2200121 4500
001 ART_23915
005 20260410161924.0
008 260409a
245 1 0 _aThe gender gap, fertility, and growth
100 1 _aWeil, David N.
700 1 _aGalor, Oded
773 0 _tThe American Economic Review
_g- Vol. 86, NÂș 3 (jun. 1996)
_wREV16190
999 _c28026
_d28026